| 000 | 01469nam a2200349 c 4500 | ||
|---|---|---|---|
| 003 | BLK | ||
| 005 | 20180420232852.0 | ||
| 008 | 180409b bul|||||r ||||||| ||bul|| | ||
| 010 | _aKNG00142926000 | ||
| 040 | _aBLK | ||
| 041 |
_aRUS _cRUS |
||
| 080 |
_aПриложно изкуство. Художествени занаяти. Интериор. Дизайн. Играчки. Худож. пространствено оформление _b745/749 _x _z745/749 |
||
| 100 | 1 |
_aБелозерова, Вера Георгиевна _eпърви автор _937908 |
|
| 139 |
_aБелозерова, Вера Георгиевна _bБ 35 |
||
| 245 | 1 | 0 |
_aТрадиционная китайская мебель _cВера Георгиевна Белозерова. |
| 257 | _aSUN | ||
| 260 |
_аМосква _bНаука _c1980 |
||
| 300 |
_a144 с. _bс. ил. _c21 см |
||
| 380 | _a7 | ||
| 500 | _aБиблиогр. с. 131-136. - 5000 тир. ; Рус.-кит. речник на термините. | ||
| 650 | 4 |
_aПриложно и декоративно изкуство _9248151 |
|
| 650 | 4 |
_aМебели _9161562 |
|
| 651 | 4 |
_aКитай _9242505 |
|
| 653 | _aприложни изкуства | ||
| 653 | _aмебели | ||
| 653 | _aКитай | ||
| 852 | _aЦб 103966 | ||
| 856 | 4 |
_qpdf _u |
|
| 856 | 4 |
_qpdf _u |
|
| 942 |
_cKNG _n0 |
||
| 944 |
_aCR _c20.05.2013 _l20.05.2013 - от С1,Р / 20.05.2013 _kИрена_Линкова |
||
| 944 |
_aED _c20.05.2013 _l20.05.2013 - от С1,Р / 20.05.2013 _k |
||
| 999 |
_c136961 _d136961 |
||